| 000 | 00399nam a2200157Ia 4500 | ||
|---|---|---|---|
| 008 | 151213s9999 xx 000 0 und d | ||
| 100 | _aKermit D. Larson, | ||
| 245 |
_aFundamental accounting principles _cKermit D. Larson, |
||
| 250 | _a15th | ||
| 260 |
_aBoston _bMcGraw hill |
||
| 300 | _a1304 p. | ||
| 650 | _aAccounting | ||
| 650 | _aAccounting | ||
| 700 | _aKermit D. Larson, | ||
| 999 |
_c1092 _d1092 |
||